000 00561nam a2200181Ia 4500
003 GCL
008 140319s9999 xx 000 0 ara d
040 _aGCL /
_cGCL
082 0 4 _aد
_b050
_bد هـ
245 1 0 _aالهلال مايو 2006 : امن مصر يبدأ بالتعليم
250 _aالاولى
260 _aالقاهرة :
_bدار الهلال للطباعة والنشر ،
_c2006
650 0 4 _aالثقافة
650 0 4 _aامين الريحانى
650 0 4 _aالتعليم - مصر
650 0 4 _aسيف المرى
942 _2ddc
_cCR
999 _c8480
_d8480